Six Closest Countries - Panama - Statistics

General Stats
  • This quiz has been taken 58 times
  • The average score is 4 of 6
Answer Stats
km country miles % Correct
0 Costa Rica 0
94%
0 Colombia 0
92%
445 Venezuela 277
75%
159 Nicaragua 99
71%
568 Honduras 393
56%
652 Ecuador 405
46%
No matching quizzes found
Score Distribution
Percent of People with Each Score
Percentile by Number Answered
Your Score History
You have not taken this quiz